All Gta V cars 1.0 - Statistics

General Stats
  • This quiz has been taken 66 times
    57 since last reset
  • The average score is 63 of 476
Answer Stats
Brand Cars % Correct
Vapid BLADE
BULLET
CIVETTA
CHINO
CHINO CUSTOM
CLIQUE
CLIQUE WAGON
DOMINATOR
DOMINATOR ARENA
DOMINATOR FX
DOMINATOR GTT
DOMINATOR GTX
DOMINATOR ASP
DOMINATOR PIWASSER
ELLIE
FLASH GT
FMJ
GB200
IMPERATOR ARENA
PEYOTE
PEYOTE CUSTOM
PEYOTE GASSER
RADIUS
RETINUE
RETINUE MK2
STANIER LE CRUISER URANUS LOZSPEED
ALEUTIAN
BOBCAT XL
MINIVAN
MINIVAN CUSTOM
SPEEDO
CARACARA 4X4
CONTENDER
DESERT RAID
GUARDIAN
HOTKNIFE
HUSTLER
LIBERATOR
RATEL
RIATA
SANDKING XL
SLAMVAN
SLAMVAN ARENA
SLAMVAN CUSTOM
TROPHY TRUCK
WINKY
CARACARA
64%
Banshee Bravado
58%
Buffalo
52%
Karin 190Z
ASTEROPE
ASTEROPE GZ
BOOR
CALICO GTF
CHAVOS V6
DILETTANTE
FUTO
FUTO GTX
HOTRING EVERON
INTRUDER
KURUMA
KURUMA BLINDATA
PREVION
S95
SULTAN
SULTAN CLASSIC
SULTAN RS
SULTAN RS CLASSIC
BEEJAY XL
EVERON
REBEL
TECHNICAL
TECHNICAL AQUA
TECHNICAL CUSTOM
52%
Benefactor BR8
FELTZER
GLENDALE
GLENDALE CUSTOM
KRIEGER
LM87
PANTO
SHAFTER
SHAFTER V12
SHAFTER LWB
SCHLAGEN GT
SCHWARTZER
SURANO
STIRLING GT
SM722
VORSCHLAGHAMMER
DUBSTA
XLS
BRUISER
DUBSTA 6X6
STREITER
TERRORBYTE
48%
Bravado BANSHEE
BANSHEE 900R
BANSHEE GTS
BUFFALO
BUFFALO S
BUFFALO STX
BUFFALO EVX
BUFFALO SPRUNK
GAUNTLET
GAUNTLET CLASSIC
GAUNTLET CLASSIC CUSTOM
GAUNTLET HELLFIRE
GAUNTLET REDWOOD
HOTRING HELLFIRE
GREENWOOD
RAT-TRUCK
VERLIER
DORADO
HALF-TRACK
PARADISE
RUMPO CUSTOM
SASQUATCH
YOUGA
YOUGA CLASSIC
YOUGA CLASSIC 4X4
48%
Pegassi REAPER
IGNUS
IGNUS ARMATA
INFERNUS
INFERNUS CLASSIC
MONROE
OSIRIS
TEMPESTA
TEZERACT
TORERO
TORERO XO
VACCA
ZENTORNO
ZORRUSSO
TOREADOR
TOROS
48%
Dinka BLISTA
BLISTA COMPACT
BLISTA KANJO
BLISTA KANJO SJ
BLISTA GO GO MONKEY
JESTER
JESTER GARA
JESTER CLASSIC
JESTER RR
JESTER RR WIDEBODY
POSTLUDE
RT3000
SUGOI
45%
Grotti BESTIA GTS
BRIOSO
BRIOSO WIDE
BRIOSO R/A
CARBONIZZARE
CHEETAH
CHEETAH CLASSIC
FURIA
GT500
ITALI GTO
ITALI GTO STINGER TT
ITALI RSX
STINGER
STINGER GT
TURISMO R
TURISMO CLASSIC
TURISMO OMAGGIO
VISIONE
X80 PROTO
VIGILANTE
45%
Obey 8F DRAFTER
9F
10F
10F WIDEBODY
OMNIS E-GT
TAILGATER
TAILGATER S
I-WAGEN
ROCOTO
OMNIS
42%
Pfister 811
COMET
COMET SR
COMET RETRO CUSTOM
S2
S2 CABRIO
GROWLER
NEON
ASTRON
ASTRON CUSTOM
SAFARI
42%
Sultan
42%
Ubermacht CYPHER
NIOBE
ORACLE
ORACLE XS
REVOLTER
RHINEHART
SC1
SENTINEL
SENTINEL XS
SENTINEL CLASSIC
SENTINEL CLASSIC WIDE
ZION
ZION CLASSIC
REBLA GTS
42%
Adder Truffade
39%
Comet
39%
Sentinel
39%
Cheetah
36%
Coil CYCLONE
CYCLONE II
RAIDEN
VOLTIC
ROCKET VOLTIC
BRAWLER
36%
Declasse DR1
HOTRING SABRE
IMPALER
IMPALER LX
IMPALER SZ
IMPALER ARENA
MAMBA
PREMIER
RHAPSODY
SABRE TURBO
SABRE TURBO CUSTOM
STALLION
STALLION BURGER SHOT
TAHOMA COUPE
TAMPA
TAMPA DRIFT
TORNADO
TORNADO CUSTOM
TORNADO RAT ROD
TULIP
TULIP M-100
VAMOS
VOODOO
VOODOO CUSTOM
VIGERO
VIGERO ZX
VIGERO ZX DECA
YOSEMITE DRIFT
BURRITO
GRANGER
GRANGER 3600LX
MOONBEAM
MOONBEAM CUSTOM
RANCHER XL
YOSEMITE
BRUTUS
DRAUGUR
LIFEGUARD
WALTON L35
YOSEMITE RANCHER
YOSEMITE 1500
SCRAMJET
TAMPA ARMATA
36%
Futo
36%
Infernus
36%
Voltic
36%
Zentorno
36%
Jester
33%
Lampadati CASCO
CINQUEMILA
CORSITA
FELON
FELON GT
FURORE GT
KOMODA
MICHELLI GT
PIGALLE
TIGON
TROPOS RALLYE
VISERIS
NOVAK
33%
BF CLUB
RAMP BUGGY
SPACE DOCKER
WEEVIL
WEEVIL CUSTOM
SURFER
SURFER CUSTOM
BIFTA
DUNE FAV
INJECTION
RAPTOR
30%
Dewbauchee CHAMPION
EXEMPLAR
JB700W
MASSACRO
MASSACRO GARA
RAPID GT
RAPID GT CLASSIC
SEVEN-70
SPECTER
SPECTER CUSTOM
VAGNER
30%
Dominator
30%
Feltzer
30%
Gauntlet
30%
Issi
30%
Ocelot ARDENT
F620
JACKAL
JUGULAR
LOCUST
LYNX
PARIAH
PENETRATOR
R88
SWINGER
VIRTUE
XA-21
STROMBERG
30%
T20
30%
Toreador
30%
Truffade AdderNero/Nero custom Thrax Z-Type
30%
Turismo R
30%
Z-Type
30%
9F
27%
Albany AlphaBrigham Buccaneer Buccaneer Custom Emperor Franken Stange Hermes Lurcher Manana Manana Custom Primo Primo Custom Roosevelt Roosevelt valor Virgo V-str Washington Cavalcade Cavalcade XL
27%
Banshee GTS
27%
Buffalo S
27%
Bullet
27%
Coquette Invetero
27%
Elegy Retro Custom
27%
Elegy RH8
27%
Enus COGNOSCENTI
COGNOSCENTI 55
COGNOSCENTI CABRIO
DEITY
PARAGON R
PARAGON S
STAFFORD
SUPER DIAMOND
WINDSOR
WINDOSR DROP
HUNTLEY S
JUBILEE
27%
FMJ
27%
Kuruma
27%
Mesa
27%
Neo Vysser
27%
Neon
27%
Peyote
27%
Sultan RS
27%
Tailgater
27%
Vacca
27%
Annis 300R
ELEGY RH8
ELEGY RETRO CUSTOM
EUROS
EUROS X32
RE-7B
REMUS
S80RR
SAVESTRA
ZR350
ZR380 ARENA
HELLION
24%
Baller 1 Gen Gallivanter
24%
Baller 2 Gen
24%
Blista Dinka
24%
Cheetah Classic
24%
Cyclone
24%
Issi Classic
24%
Itali GTO
24%
Massacro
24%
Omnis
24%
Oracle
24%
Panto
24%
Ruiner
24%
Torero
24%
Tornado
24%
Toros
24%
XA-21
24%
811 Pfister
21%
Burrito
21%
Canis BODHI
CASTIGATOR
CRUSADER
FREECRAWLER
KALAHARI
KAMACHO
MESA
SEMINOLE
SEMINOLE FRONTIER
TERMINUS TERMINUS PATROL
21%
Cheval PICADORTAIPAN
21%
Emperor ETR1HABANERO VECTRE
21%
Euros
21%
Ignus
21%
Jester RR
21%
Nero
21%
Oracle XS
21%
Osiris
21%
Sentinel XS
21%
Stinger
21%
Sultan Classic
21%
Vigero
21%
Weeny ISSI CLASSICISSI SPORT ISSI RALLY
21%
Zion
21%
10F
18%
Blista Compact
18%
Bodhi Canis
18%
Bollokan Envisage
18%
Buccaneer
18%
Cavalcade
18%
Club
18%
Cognoscenti Enus
18%
Comet Retro Custom
18%
Coquette Classic
18%
Coquette D1
18%
Deluxo
18%
Dominator GTX
18%
Gallivanter BALLER 1 GEN
BALLER 2 GEN
BALLER ST
BALLER ST-D
BALLER LE
BALLER LE LWB
18%
Gauntlet Hellfire
18%
Imponte ARBITER GT
BEATER DUKES
DUKES DUKE O'DEATH
NIGHTSHADE
PHOENIX
RUINER
RUINER ZZ-8
DELUXO
RUINER 2000
18%
Invetero COQUETTE
COQUETTE BLACKFIN
COQUETTE CLASSIC
COQUETTE D1
COQUETTE D10
18%
Issi Sport
18%
Itali GTB
18%
Itali GTB Custom
18%
Kamacho
18%
Maibatsu MOSTROCITI
PENUMBRA
PENUMBRA FF
18%
Minivan
18%
Nero Custom
18%
Overflod AUTARCH
ENTITY XF
ENTITY XXR
ENTITY MT
PIPISTRELLO
TYRANT
ZENO
IMORGON
18%
Primo
18%
Progen EMERUS
GP1
ITALI GTB
ITALI GTB CUSTOM
PR4
T20
TYRUS
18%
Rapid GT
18%
Reaper Pegassi
18%
Rocket Voltic
18%
Ruiner 2000
18%
Sabre Turbo
18%
Sandking XL
18%
Schlagen GT
18%
Sentinel Classic
18%
Shafter
18%
Turismo Classic
18%
Vigero ZX
18%
X80 Proto
18%
Alpha Albany
15%
Astron
15%
Astron Custom
15%
Baller ST
15%
Baller ST-D
15%
Banshee 900R
15%
Bifta BF
15%
Brioso
15%
Buffalo STX
15%
Caracara
15%
Carbonizzare
15%
Champion Dewbauchee
15%
Coquette D10
15%
Coquette D5
15%
Dubsta
15%
Emerus Progen
15%
Entity MT
15%
Entity XF
15%
F620
15%
Gauntlet Classic
15%
Habanero
15%
Infernus Classic
15%
Ingot
15%
Injection
15%
Jester Classic
15%
Kuruma Armored
15%
Paragon R
15%
Penumbra
15%
Peyote Custom
15%
Rebel
15%
Revolter
15%
S2
15%
S2 Cabrio
15%
Scramjet
15%
Slamvan
15%
Stallion
15%
Surano
15%
Tailgater S
15%
Taipan
15%
Tampa
15%
Tampa Drift
15%
Terrorbyte
15%
Thrax
15%
Tornado Custom
15%
Voodoo
15%
V-str
15%
Vulcar FAGALOA
INGOT
NEBULA TURBO
WARRENER
WARRENER HKR
15%
Willard EUDORA
FACTION
FACTION CUSTOM
FACTION CUSTOM DONK
15%
Windsor
15%
Zion Classic
15%
190Z Karin
12%
Autarch Overfload
12%
Chino
12%
Comet SR
12%
Coquette Blackfin
12%
Cypher Ubermacht
12%
Deveste Eight Principe
12%
Dominator ASP
12%
Dubsta 6x6
12%
Ellie
12%
Entity XXR
12%
Envisage Bollokan
12%
Faction
12%
Felon
12%
Flash GT
12%
Furia
12%
Futo GTX
12%
Glendale
12%
Growler
12%
Hermes
12%
Hotknife
12%
Hotring Sabre
12%
Impaler
12%
Issi Rally
12%
Itali GTO Stinger TT
12%
JB700W
12%
Jubilee
12%
Jugular
12%
Komoda
12%
Krieger
12%
Mamba
12%
Manana
12%
Manana Custom
12%
Paragon S
12%
Pariah
12%
Penumbra FF
12%
Phoenix
12%
Pigalle
12%
Premier
12%
Principe DEVESTE EIGHT
12%
Raiden
12%
Rebla GTS
12%
Rhinehart
12%
Rocoto
12%
Roosevelt
12%
Safari
12%
Shafter V12
12%
Specter
12%
Speedo
12%
Stinger GT
12%
Stromberg
12%
Sugoi
12%
Sultan RS Classic
12%
Super Diamond
12%
Tempesta
12%
Vigilante
12%
Virgo
12%
Virtue
12%
Visione
12%
Weevil
12%
Windsor Drop
12%
Zirconium STRATUMJOURNEY II
12%
10F Widebody
9%
Ardent Ocelot
9%
Asbo Maxwell
9%
Asterope
9%
Baller LE
9%
Beater Dukes
9%
Beejay XL
9%
Blista Kanjo
9%
Brutus Declasse
9%
Buccaneer Custom
9%
Buffalo EVX
9%
Calico GTF
9%
Casco Lampadati
9%
Cavalcade XL
9%
Cinquemila
9%
Clique
9%
Cognoscenti 55
9%
Corsita
9%
Cyclone II
9%
Deity
9%
Dilettante
9%
Dominator GTT
9%
ETR1 Emperor
9%
Faction Custom
9%
Felon GT
9%
FQ2
9%
FR36 Fathom
9%
Glendale Custom
9%
GP1
9%
Guardian
9%
Hijak KHAMELIONRUSTON
9%
Huntley S
9%
Hustler
9%
Impaler LX
9%
Itali RSX
9%
Jester Race
9%
Kalahari
9%
Khamelion Hijak
9%
Maxwell ASBOVAGRANT
9%
Monroe
9%
Nebula Turbo
9%
Nightshade
9%
Niobe
9%
Omnis E-GT
9%
Penetrator
9%
Peyote Gasser
9%
Primo Custom
9%
Radius
9%
Rapid GT Classic
9%
Rat-Truck
9%
RE-7B
9%
Remus
9%
Riata
9%
Roosevelt Valor
9%
RT3000
9%
Rune CHEBUREK ZHABA
9%
Ruston
9%
S95
9%
Sabre Turbo Custom
9%
Savestra
9%
SC1
9%
Schwartzer
9%
Seminole
9%
Shafter LWB
9%
Stirling GT
9%
Stratum Zirconium
9%
Surfer
9%
Torero XO
9%
Trophy Truck
9%
Tropos Rallye
9%
Tyrus
9%
Vagner
9%
Vigero ZX Cabrio
9%
Voodoo Custom
9%
Vorschlaghammer
9%
Vysser Neo
9%
Walton L35
9%
Warrener
9%
Washington
9%
Weevil Custom
9%
Zeno
9%
Zhaba
9%
300R Annis
6%
8F Drafter Obey
6%
Aleutian Vapid
6%
Baller LE LWB
6%
Bestia GTS Grotti
6%
Bobcat XL
6%
BR8 Benefactor
6%
Brawler Coil
6%
Brioso RA
6%
Bruiser
6%
Caracara 4x4
6%
Cheburek Rune
6%
Clique Wagon
6%
Cognoscenti Cabrio
6%
Desert Raid
6%
Dominator Arena
6%
Dominator Race
6%
DR1
6%
Draugur
6%
Eudora Willard
6%
Euros X32
6%
Exemplar
6%
Fagaloa Vulcar
6%
Fathom FR36 FQ2
6%
Franken Stange
6%
GB200
6%
Greenwood
6%
GT500
6%
Imorgon
6%
Impaler SZ
6%
Intruder
6%
Issi Arena
6%
I-Wagen
6%
Jackal
6%
Journey II
6%
Liberator
6%
Locust
6%
Lurcher
6%
Lynx
6%
Moonbeam
6%
Moonbeam Custom
6%
Novak
6%
Penaud Lacouruse
6%
Picador Cheval
6%
Pipistrello
6%
Ramp Buggy
6%
Raptor
6%
Rhapsody
6%
Seminole Frontier
6%
Sentinel Classic Widebody
6%
Seven-70
6%
Slamvan Custom
6%
SM722
6%
Space Docker
6%
Specter Custom
6%
Streiter
6%
Surfer Custom
6%
Swinger
6%
Technical
6%
Technical Aqua
6%
Tezeract
6%
Tigon
6%
Tornado Rat Rod
6%
Turismo Omaggio
6%
Tyrant
6%
Vagrant
6%
Vamos
6%
Vectre
6%
Warrener HKR
6%
Winky
6%
XLS
6%
Yosemite
6%
Yosemite Drift
6%
Zr350
6%
Blade
3%
Blista GO GO Monkey
3%
Boor
3%
Brigham
3%
Buffalo Race
3%
Castigator
3%
Chavos V6
3%
Chino Custom
3%
Contender
3%
Crusader
3%
Dominator FX
3%
Dune Fav
3%
Dynasty Weeny
3%
Everon
3%
Furore GT
3%
Gauntlet Redwood
3%
Half-Track
3%
Hellion
3%
Hotring Everon
3%
Hotring Hellfire
3%
Ignus Armed
3%
Impaler Arena
3%
Imperator Arena
3%
Jester RR Widebody
3%
LM87
3%
Michelli GT
3%
Minivan Custom
3%
Mostrociti Maibatsu
3%
Panthere Tundra
3%
Postlude
3%
PR4
3%
Previon
3%
R88
3%
Rancher XL
3%
Ratel
3%
Retinue
3%
Retinue MK2
3%
Sasquatch
3%
Slamvan Arena
3%
Stallion Race
3%
Terminus
3%
Toundra Panthere
3%
Tulip
3%
Viseris
3%
Yosemite 1500
3%
Youga
3%
Zorrusso
3%
Zr380 Arena
3%
Arbinter GT Imponte
0%
Asterope GZ
0%
Blista Kanjo SJ
0%
Brioso Widebody
0%
Civetta
0%
Dorado
0%
Dukes Duke O'Death
0%
Faction Custom Dunk
0%
FreeCrawler
0%
Gauntlet Classic Custom
0%
Grangler
0%
Grangler 3600LX
0%
Lacouruse Penaud
0%
Lifeguard
0%
Massacro Armed
0%
Paradise
0%
Ruiner ZZ-8
0%
Rumpo Custom
0%
S80RR
0%
Stafford
0%
Stanier Le Cruiser
0%
Tahoma Coupe
0%
Tampa Armed
0%
Technical Custom
0%
Terminus Patrol
0%
Tulip M-100
0%
Uranus LozSpeed
0%
Verlier
0%
Yosemite Rancher
0%
Youga Classic
0%
Youga Classic 4x4
0%
No matching quizzes found
Score Distribution
Percent of People with Each Score
Percentile by Number Answered
Your Score History
You have not taken this quiz since the last reset